000 00880nam a2200289Ia 4500
001 Para_77
003 CHAP
008 220125s1985 xx 000 0 und d
010 _a198650
040 _cCHAP
090 _aPA FOLLETO 81
100 _aMayorquín L., Higinio
_9163926
245 _aEl cultivo de maíz de riego para grano en el centro de Sinaloa /
_c por Higinio Mayorquín L., Jesús Alvarado Martínez y Raymundo Leyva G
260 _aCuliacán, Sin. :
_b INIA
300 _a12 p.
410 _aFolleto para productores; 21
650 _aMaíz
_xSinaloa
_971062
700 _aI. Alvarado Martínez, Jesús
_9163927
700 _aII. Leyva G., Raymundo
_9163928
901 _aPA FOLLETO 81
902 _aA
905 _a0000001985 0000000000 00
910 _a1985
942 _cPARA
942 _cPARA
_d1
999 _c198650
_d198650